Biblioteca

When they say ¨God told me¨ (Registro nro. 68912)

Detalles MARC
000 -LÍDER
Campo fijo de descripción fija 00829nab a2200217 i 4500
001 - NÚMERO DE CONTROL
Campo de control 768714001
003 - IDENTIFICADOR DEL NÚMERO DE CONTROL
Campo de control CO-MdFUSB
005 - FECHA Y HORA DE LA ULTIMA TRANSACCIÓN
control field 20230530120133.0
008 - ELEMENTOS DE LONGITUD FIJA -- INFORMACIÓN GENERAL
Campo fijo de descripción fija -- Información general 230530s1985 us ||||| |||| 00| 0 eng d
040 ## - FUENTE DE CATALOGACIÓN
Idioma de catalogación spa
Agencia Catalogadora CO-MdFUSB
Agencia que realiza la transcripción CO-MdFUSB
Agencia que realiza la modificación CO-MdFUSB
041 ## - CÓDIGO DE IDIOMA
Código de idioma para texto/pista de sonido o título separado eng
100 ## - ASIENTO PRINCIPAL--NOMBRE PERSONAL
Nombre personal Lakes, Ross A.
Término relacionador autor
245 ## - TÍTULO
Título When they say ¨God told me¨
Mención de responsabilidad / Ross A. Lakes
300 ## - DESCRIPCIÓN FÍSICA
Extensión Volumen 6, número 1 (Winter 1985), páginas 110 - 114
Dimensiones ; 27 cm
520 ## - NOTA DE RESUMEN, ETC.
Nota de sumario, etc. ¿Cuál es la mejor respuesta cuando alguien afirma haber escuchado directamente de Dios?
546 ## - NOTA DE IDIOMA
Nota de idioma Texto em Inglés
650 #7 - ASIENTO SECUNDARIO DE MATERIA - TERMINO TEMÁTICO
9 (RLIN) 7324
Término temático o nombre geográfico como elemento de entrada Inspiración
Subdivisión general Aspectos religiosos
653 ## - TÉRMINO DE INDIZACIÓN - NO CONTROLADO
Término no controlado Palabra de Dios
773 0# - ASIENTO DE ITEM FUENTE
Biblionumber 68780
Itemnumber 81985
Otro identificador del ítem R2473
Título Leadership :
Número de control del registro (CO-MdFUSB)768714001
Parte(s) relacionada(s) / Volumen., número. (mes año), páginas Volumen 6, número 1 (Winter 1985), páginas 110 - 114
Enumeración y primera página página 110
942 ## - TIPO DE MATERIAL (KOHA)
Tipo de Item KOHA Artículos de Revista

No hay ítems disponibles.

Biblioteca FUSBC | Teléfono: (57+4) 349 88 10 Ext. 141| WhatsApp (+57) 3005338115 
E-mail: biblioteca@unisbc.edu.co | Calle 76 87-14 Robledo Palenque, Medellín, Colombia

Con tecnología Koha